Fluidoteca /
Un appassionante inventario dei fluidi corporei diretto ai piccoli lettori. In realtà non solo ai piccoli, perché... sai cosa sono realmente i fluidi corporei? Quali conosci? A cosa serve il sudore? Sapevi che il sangue passa attraverso i tuoi reni 300 volte al giorno? E che nei nostri occhi le lacr...
Guardat en:
| Autor principal: | |
|---|---|
| Altres autors: | |
| Format: | Llibre |
| Idioma: | italià |
| Publicat: |
Faenza :
Quinto Quarto,
2022
|
| Col·lecció: | Grande
|
| Etiquetes: |
Sense etiquetes, Sigues el primer a etiquetar aquest registre!
|
MARC
| LEADER | 00000nam a22000007i 4500 | ||
|---|---|---|---|
| 001 | IT\ICCU\LO1\1858888 | ||
| 003 | ItRI | ||
| 005 | 20250503120555.0 | ||
| 008 | 220606s2022 it |||||| |||||0|||||c | ||
| 020 | |a 9788885546424 | ||
| 040 | |b ita |c Arcigay Queer VdA | ||
| 041 | 7 | |a ita |2 ISO-639-2 | |
| 082 | |a 612.01522 |2 23 | ||
| 100 | 1 | |a Páramo, Berta |0 IT\ICCU\UBOV\067151 |4 aut | |
| 240 | 1 | 0 | |a Fluidoteca |9 Páramo, Berta |
| 245 | 1 | 0 | |a Fluidoteca / |c Berta Páramo ; traduzione di Maura Romeo. |
| 260 | |a Faenza : |b Quinto Quarto, |c 2022 | ||
| 300 | |a 1 volume (senza paginazione) : |b ill. ; |c 24 cm | ||
| 500 | |a L'informazione di collezione si ricava dal catalogo editoriale online | ||
| 500 | |a Volume con l'ultima pagina ripiegata | ||
| 500 | |a Da catalogo editoriale online. | ||
| 520 | |a Un appassionante inventario dei fluidi corporei diretto ai piccoli lettori. In realtà non solo ai piccoli, perché... sai cosa sono realmente i fluidi corporei? Quali conosci? A cosa serve il sudore? Sapevi che il sangue passa attraverso i tuoi reni 300 volte al giorno? E che nei nostri occhi le lacrime sono sempre presenti? O che il tuo naso produce fino a un litro di muco al giorno? Fluidoteca è un viaggio divertente e colorato (più di 10 pantoni!) attraverso i fluidi del corpo che incuriosirà grandi e piccini. Con un mix irresistibile di humour e rigore scientifico, l'illustratrice Berta Páramo - la cui opera è stata esposta in molti paesi - analizza tutte le secrezioni generate dal nostro corpo dividendole in otto categorie, ognuna caratterizzata da un colore differente, a partire dall'acqua e dalla sua vitale importanza nel mantenere il buon funzionamento di ognuno dei meccanismi che ci permette di restare in salute. Grazie a testi semplici e dinamici e all'originale concept visivo, che alterna schemi esplicativi e illustrazioni realistiche di atti fisiologici, i più curiosi di casa troveranno una risposta a tutti i loro dubbi. Età di lettura: da 6 anni. | ||
| 700 | 1 | |a Romeo, Maura |0 IT\ICCU\MODV\671984 |4 trl | |
| 830 | 0 | |a Grande |0 IT\ICCU\UBO\4643952 | |
| 942 | |2 ddc |c BK | ||
| 952 | |0 0 |1 0 |2 ddc |4 0 |6 612_015220000000000_PAR_FLU |7 1 |9 4163 |a AO |b AO |d 2025-05-03 |l 0 |o 612.01522 PAR FLU |p 11340 |r 2025-05-03 12:06:27 |w 2025-05-03 |x Di proprietà di Giulio Gasperini |y BK | ||
| 981 | 1 | |6 z01 |a i |b xxxe | |
| 982 | 1 | |6 z01 |a n | |
| 999 | |c 3210 |d 3210 | ||